000 00762nab a2200229u 4500
001 15459
003 HDC
007 c| |||a|c|aaaa
008 210217b20140407my ||||| |||| 00| 0 may d
040 _aHDC
245 0 _aEksport Negara meningkat 12.3 peratus pada Februari
336 _atext
_2rdacontent
337 _acomputer
_2rdamedia
338 _aonline resource
_2rdacarrier
650 _acountry exports
_915659
650 _aMinistry of International Trade and Industry (MITI)
_910721
710 _aBERITA HARIAN
856 _zRequest full-text at [email protected]
942 _2lcc
942 _cNEWS
942 _kNWSC 003725
999 _c12775
_d12775